000
00353nam a2200157Ia 4500
999
_c
878
_d
878
003
OSt
005
20190912155050.0
008
190722s9999 xx 000 0 und d
020
_a
9780-07-015156-7
040
_c
maju
100
_a
Michael J.Etzel
245
0
_a
Marketing
260
_a
New Delhi
_b
McGraw Hill
_c
2014
300
_a
880
942
_c
BK
_2
ddc